Promyšlennyje predprijatija v preddverii rynka. Pervoočerednyje problemy.

Veľký význam pri prechode na trhové hospodárstvo má činnosť štátnych priemyselných podnikov. Prvým krokom pri vytváraní pomienok trhového správania podniku je všestranná analýza východiskovej situácie podniku, na základe ktorej sa môže vypracovať ekonomická stratégia vstupu do trhového mechanizmu. Ď...

Descripción completa

Guardado en:
Detalles Bibliográficos
Autor principal: Rumjancev, V.
Otros Autores: Putjatina, L.
Formato: Capítulo de libro
Lenguaje:ruso
Materias:
Etiquetas: Agregar Etiqueta
Sin Etiquetas, Sea el primero en etiquetar este registro!

MARC

LEADER 00000naa a2200000 4500
001 r010042
005 20221208123125.9
041 0 |a rus 
044 |a [SU] 
245 1 0 |a Promyšlennyje predprijatija v preddverii rynka.  |b Pervoočerednyje problemy.  |c V. Rumjancev, L. Putjatina 
520 |a Veľký význam pri prechode na trhové hospodárstvo má činnosť štátnych priemyselných podnikov. Prvým krokom pri vytváraní pomienok trhového správania podniku je všestranná analýza východiskovej situácie podniku, na základe ktorej sa môže vypracovať ekonomická stratégia vstupu do trhového mechanizmu. Ďalšie opatrenia (legislatívne, marketingové a pod.) umožňujúce prechod priemyselných podnikov na trhové podmienky. 
610 2 0 |a podnik priemyselný 
610 2 0 |a hospodárstvo trhové 
610 2 0 |a stratégia podniková 
610 2 0 |a mechanizmus trhový 
610 2 0 |a legislatíva 
610 2 0 |a marketing 
610 2 0 |a podnik štátny 
100 1 |a Rumjancev, V. 
700 1 |a Putjatina, L.